The circulatory story / (Record no. 6073)

MARC details
000 -LEADER
fixed length control field 01571cam a2200397 a 4500
001 - CONTROL NUMBER
control field 6073
003 - CONTROL NUMBER IDENTIFIER
control field FISKH
005 - DATE AND TIME OF LATEST TRANSACTION
control field 20250306112217.0
008 - FIXED-LENGTH DATA ELEMENTS--GENERAL INFORMATION
fixed length control field 080609s2010 maua j b 000 0 eng
010 ## - LIBRARY OF CONGRESS CONTROL NUMBER
LC control number 2008025332
020 ## - INTERNATIONAL STANDARD BOOK NUMBER
International Standard Book Number 9781580892087 (reinforced) :
Terms of availability $17.95
020 ## - INTERNATIONAL STANDARD BOOK NUMBER
International Standard Book Number 1580892086 (reinforced) :
020 ## - INTERNATIONAL STANDARD BOOK NUMBER
International Standard Book Number 9781580892094 (pbk.)
020 ## - INTERNATIONAL STANDARD BOOK NUMBER
International Standard Book Number 9780545496605
020 ## - INTERNATIONAL STANDARD BOOK NUMBER
International Standard Book Number 1580892094 (pbk.)
040 ## - CATALOGING SOURCE
Original cataloging agency DLC
Transcribing agency DLC
Modifying agency BTCTA
-- TEF
-- EHH
-- ZPP
-- DLC
Language of cataloging eng
050 ## - LIBRARY OF CONGRESS CALL NUMBER
Classification number QP103 .C67
082 ## - DEWEY DECIMAL CLASSIFICATION NUMBER
Classification number 612.1
100 1# - MAIN ENTRY--PERSONAL NAME
Personal name Corcoran, Mary K.
245 14 - TITLE STATEMENT
Title The circulatory story /
Statement of responsibility, etc. Mary K. Corcoran ; illustrated by Jef Czekaj.
260 ## - PUBLICATION, DISTRIBUTION, ETC.
Place of publication, distribution, etc. New York :
Name of publisher, distributor, etc. Scholastic,
Date of publication, distribution, etc. 2010.
300 ## - PHYSICAL DESCRIPTION
Extent 41 pages :
Other physical details color illustrations ;
Dimensions 28 cm
504 ## - BIBLIOGRAPHY, ETC. NOTE
Bibliography, etc. note Includes bibliographical references (p. [42]).
505 ## - FORMATTED CONTENTS NOTE
Formatted contents note R<br/>
520 ## - SUMMARY, ETC.
Summary, etc. Your hardworking heart started beating eight months before you were born and continues to beat about one hundred thousand times a day. "By the time you're seventy years old, it will have beaten about 2.5 billion times." Find out the story behind each beat on a journey through the body's circulatory system.
521 8# - TARGET AUDIENCE NOTE
Target audience note 780
Source R<br/>
521 8# - TARGET AUDIENCE NOTE
Target audience note Lexile adjusted <br/>
Source Raz-Plus<br/>
650 #0 - SUBJECT ADDED ENTRY--TOPICAL TERM
Topical term or geographic name entry element Blood
General subdivision Circulation
Form subdivision Juvenile literature.
650 #0 - SUBJECT ADDED ENTRY--TOPICAL TERM
Topical term or geographic name entry element Cardiovascular system
General subdivision Physiology
Form subdivision Juvenile literature.
650 #1 - SUBJECT ADDED ENTRY--TOPICAL TERM
Topical term or geographic name entry element Blood
General subdivision Circulation.
650 #1 - SUBJECT ADDED ENTRY--TOPICAL TERM
Topical term or geographic name entry element Circulatory system
General subdivision Physiology.
700 1# - ADDED ENTRY--PERSONAL NAME
Personal name Czekaj, Jef,
Relator term illustrator
906 ## - LOCAL DATA ELEMENT F, LDF (RLIN)
a 7
b cbc
c orignew
d 1
e ecip
f 20
g y-gencatlg
942 ## - ADDED ENTRY ELEMENTS (KOHA)
Source of classification or shelving scheme Dewey Decimal Classification
Koha item type Books
Suppress in OPAC No
Holdings
Withdrawn status Lost status Source of classification or shelving scheme Damaged status Not for loan Collection Home library Current library Shelving location Date acquired Total Checkouts Full call number Barcode Date last seen Date last checked out Copy number Price effective from Koha item type
    Dewey Decimal Classification     Juvenile Fiction Footprints International School Library Network Toul Kork Campus Footprints International School Library Network Toul Kork Campus TK Primary Library Room(4th Floor), Bookcase 5&6, Shelves 33-56, Orange Books 03/06/2025 1 COR 612.1 QP103 .C67 FISTK04978 04/23/2026 03/23/2026 1 03/06/2025 Books
    Dewey Decimal Classification     Juvenile Fiction Footprints International School Library Network Toul Tom Poung Campus Footprints International School Library Network Toul Tom Poung Campus TTP Primary Orange Bookshelves 07/18/2025   COR 612.1 QP103 .C67 FISSE01178 07/18/2025   2 07/18/2025 Books